TMS320C5X Digitat Signal Processing Teaching kit / (Record no. 189124)
[ view plain ]
| 000 -LEADER | |
|---|---|
| fixed length control field | 00544 a2200157 4500 |
| 003 - CONTROL NUMBER IDENTIFIER | |
| control field | Nust |
| 005 - DATE AND TIME OF LATEST TRANSACTION | |
| control field | 20230222122329.0 |
| 040 ## - CATALOGING SOURCE | |
| Transcribing agency | Nust |
| 082 ## - DEWEY DECIMAL CLASSIFICATION NUMBER | |
| Classification number | 621.3822,TMS |
| 245 ## - TITLE STATEMENT | |
| Title | TMS320C5X Digitat Signal Processing Teaching kit / |
| Remainder of title | Student's Guide |
| 260 ## - PUBLICATION, DISTRIBUTION, ETC. | |
| Name of publisher, distributor, etc. | Texas Instruments |
| Date of publication, distribution, etc. | 1997 |
| Place of publication, distribution, etc. | USA |
| 300 ## - PHYSICAL DESCRIPTION | |
| Extent | various paging |
| 505 ## - FORMATTED CONTENTS NOTE | |
| Formatted contents note | Introduction to DSP (Page-1), From analog to Digital (Page-2), Filtering (Page-3), The Frequency Domain (Page-4), Applications of DSP (Page-5). |
| 650 ## - SUBJECT ADDED ENTRY--TOPICAL TERM | |
| Topical term or geographic name entry element | Telecommunication engineering |
| 942 ## - ADDED ENTRY ELEMENTS (KOHA) | |
| Source of classification or shelving scheme | |
| Koha item type | Book |
| Withdrawn status | Lost status | Source of classification or shelving scheme | Damaged status | Not for loan | Permanent Location | Current Location | Shelving location | Date acquired | Full call number | Barcode | Date last seen | Price effective from | Koha item type | Public note | Total Checkouts |
|---|---|---|---|---|---|---|---|---|---|---|---|---|---|---|---|
| Military College of Signals (MCS) | Military College of Signals (MCS) | General Stacks | 12/12/2016 | 621.3822,TMS | MCS34847 | 12/08/2016 | 12/12/2016 | Book | Almirah No.71, Shelf No.4 | ||||||
| Military College of Signals (MCS) | Military College of Signals (MCS) | General Stacks | 02/22/2023 | 621.3822,TMS | MCS34849 | 02/22/2023 | 02/22/2023 | Book | Almirah No.71, Shelf No.4 |
